| 000 | 01074cam a22003135a 4500 | ||
|---|---|---|---|
| 001 | 018479957 | ||
| 003 | OSt | ||
| 005 | 20180219122144.0 | ||
| 008 | 160720t2017 enka frb 001 0 eng d | ||
| 020 | _a97881292097619 | ||
| 020 | _a1292097612 | ||
| 040 |
_aIDEBK _beng _cIDEBK _dOCLCO _dOCLCF _dOCLCQ _dDEBSZ _dOCLCQ _dUk _dEG-ScBUE |
||
| 082 | 0 | 4 |
_a005.74 _bELM _222 |
| 100 | 1 | _aElmasri, Ramez. | |
| 245 | 1 | 0 |
_aFundamentals of database systems / _cRamez Elmasri, Shamkant B. Navathe. |
| 250 | _a7th ed., Global ed.. | ||
| 260 |
_aHarlow : _bPearson Education Limited, _cc.2017. |
||
| 300 |
_a1272 p. : _bill. ; _c24 cm. |
||
| 500 | _aPrevious edition : 2016. | ||
| 500 | _aIncludes access code to login online to start using the digital resources that accompany your textbook. | ||
| 504 | _aIncludes bibliographical references and index. | ||
| 650 | 7 |
_aDatabase management. _2BUEsh |
|
| 651 | _2BUEsh | ||
| 653 |
_bCOMSCI _cFebruary2018 |
||
| 655 |
_vText book _933728 |
||
| 700 | 1 | _aNavathe, Sham. | |
| 856 | 4 | 0 | _uwww.pearsonglobaleditions.com/elmasri |
| 942 | _2ddc | ||
| 999 |
_c26149 _d26121 |
||